000 00702nam a2200253Ia 4500
003 OSt
005 20220926014621.0
006 a|||||r|||| 00| 0
007 ta
008 220923b |||||||| |||| 00| 0 eng d
037 _cGeneral Book
040 _aRTL
_cRTL
_beng
041 _2eng
_aeng
082 _aX:513, K5
100 _aNorins Hanley
_9320876
245 0 _aCompleat copywriter
260 _aNew York
_bMcGraw-Hill Book Co.
_c1966
300 _ax,326p
_ccm.
490 _aMcGraw-Hill Series in Marketing and Advertising
500 _aBibliography: p 318-320
650 _aAdvertising
942 _hX:513, K5
_cGB
_2CC
999 _c629487
_d629487